000 00537nam a2200181Ia 4500
003 GCL
008 140319s9999 xx 000 0 eng d
040 _aGCL /
_cGCL
082 0 4 _a621.3
_bT E
100 1 _aTHOMPSON, F. G.
245 1 0 _aELECTRICAL INSTALLATION AND WORKSHOP TECHNOLOGY /
_cTHOMPSON, F. G.
260 _a[S.N] :
_bELBS ،
_c1994
650 0 4 _aالتحليل الرياضى
650 0 4 _aELECTRIC ENGINEERING
650 0 4 _aINSTALLATION OF INDUSTRIAL EQUIPMENTS
650 0 4 _aELECTROMAGNETIC DEVICES
942 _2ddc
_cBK
999 _c20583
_d20583